Eduardo Galeno: ser como somos. Entrevista /
Gespeichert in:
| 1. Verfasser: | |
|---|---|
| Format: | Text |
| Tags: |
Tag hinzufügen
Keine Tags, Fügen Sie den ersten Tag hinzu!
|
MARC
| LEADER | 00000 a a2200000 04500 | ||
|---|---|---|---|
| 001 | 1452 | ||
| 003 | |||
| 040 | |||
| 100 | |a Nepomuceno, Eric | ||
| 245 | |a Eduardo Galeno: |b ser como somos. Entrevista / |c Eric Nepomuceno | ||
| 773 | |g número 88; páginas 21-24 | ||
| 999 | |c 28014 |d 28014 | ||
